000
00210 a2200097 4500
001
3519
100
_a
Lumby, E.W.R
245
_a
Transfer of power in India 1945-7
260
_a
_b
Allen
_c
090
_c
2784
_d
2784
942
_a
NUST-CAE
_c
M
_c
19824
999
_c
238592
_d
238592